Recherche et défense, vers un nouveau partenariat ? (notice n° 2224217)

détails MARC
000 -LEADER
fixed length control field 02172cam a2200169 4500500
005 - DATE AND TIME OF LATEST TRANSACTION
control field 20260426012532.0
041 ## - LANGUAGE CODE
Language code of text/sound track or separate title fre
042 ## - AUTHENTICATION CODE
Authentication code dc
100 10 - MAIN ENTRY--PERSONAL NAME
Personal name Bellais, Renaud
Relator term author
245 00 - TITLE STATEMENT
Title Recherche et défense, vers un nouveau partenariat ?
260 ## - PUBLICATION, DISTRIBUTION, ETC.
Date of publication, distribution, etc. 2005.<br/>
500 ## - GENERAL NOTE
General note 70
520 ## - SUMMARY, ETC.
Summary, etc. La fin de la guerre froide a entraîné le délitement de la relation créée entre la science et la défense après la deuxième guerre mondiale. Les financements pour la recherche-développement de défense se sont taris au cours des années 1990. Les besoins en innovations et technologies des forces armées ont certes changé par rapport à la seconde moitié du XXème siècle, mais ils restent néanmoins importants pour faire face aux menaces potentielles et missions nouvelles. Un nouveau partenariat entre la défense et la science serait-il alors la solution pour conjuguer maîtrise des dépenses militaires et maintien de l'Europe à la pointe du progrès scientifique et technique ? Les évolutions récentes dans les relations entre État et marché ouvrent-elles la voie à de nouvelles formes de concrétisation de l'effort scientifique et technologique ?
520 ## - SUMMARY, ETC.
Summary, etc. Research and defence. Towards a new paternship? The end of the Cold War weakened the relationship created between science and defence after World War II. Credits for defence R&amp;D have been regularly reduced through the 1990s. Indeed armed forces' requirements for innovation and technology have evolved compared to the second half of the 20th century. Nevertheless they remain important since armed forces might face potential, emerging threats and have to manage new kinds of missions. Can a new partnership between science and defence be the solution in Europe to conjugate constrained military expenditures and a true, international leadership in science and technology? Do recent trends in relations between States and markets open the way for new forms of scientific and technological effort?
786 0# - DATA SOURCE ENTRY
Note Innovations | 21 | 1 | 2005-03-01 | p. 145-166 | 1267-4982
856 41 - ELECTRONIC LOCATION AND ACCESS
Uniform Resource Identifier <a href="https://shs.cairn.info/revue-innovations-2005-1-page-145?lang=fr&redirect-ssocas=7080">https://shs.cairn.info/revue-innovations-2005-1-page-145?lang=fr&redirect-ssocas=7080</a>

Pas d'exemplaire disponible.

PLUDOC

PLUDOC est la plateforme unique et centralisée de gestion des bibliothèques physiques et numériques de Guinée administré par le CEDUST. Elle est la plus grande base de données de ressources documentaires pour les Étudiants, Enseignants chercheurs et Chercheurs de Guinée.

Adresse

627 919 101/664 919 101

25 boulevard du commerce
Kaloum, Conakry, Guinée

Réseaux sociaux

Powered by Netsen Group @ 2025